Модели для анализа перспективных режимов и надежности энергосистем

Библиографические подробности
Главный автор: Гольденберг Ф. Д. Феликс Данилович
Другие авторы: Каплинский Э. М. Эммануил Моисеевич (редактор), Лазебник А. И. Анатолий Израйлевич, Чалый Г. В.
Язык:русский
Опубликовано: Кишинев, Штиинца, 1988
Предметы:
Формат: MixedMaterials Книга
Запись в KOHA:https://koha.lib.tpu.ru/cgi-bin/koha/opac-detail.pl?biblionumber=203077

MARC

LEADER 00000nam0a2200000 4500
001 203077
005 20231031185503.0
010 |a 5376005003 
035 |a (RuTPU)RU\TPU\book\221293 
090 |a 203077 
100 |a 20111027d1988 km y0rusy50 ca 
101 0 |a rus 
102 |a MD 
105 |a a z 001zy 
200 1 |a Модели для анализа перспективных режимов и надежности энергосистем  |f Ф. Д. Гольденберг, Э. М. Каплинский, А. И. Лазебник  |g под ред. Г. В. Чалого 
210 |a Кишинев  |c Штиинца  |d 1988 
215 |a 140 с.  |c ил. 
320 |a Библиогр.: с. 134-139. 
610 1 |a энергосистемы 
610 1 |a надежность 
610 1 |a анализ 
610 1 |a модели 
610 1 |a проектирование 
610 1 |a ремонт 
610 1 |a САПР 
675 |a 621.311.004.13  |v 3 
675 |a 621.311.019  |v 3 
700 1 |a Гольденберг  |b Ф. Д.  |g Феликс Данилович 
701 1 |a Каплинский  |b Э. М.  |g Эммануил Моисеевич 
701 1 |a Лазебник  |b А. И.  |g Анатолий Израйлевич 
702 1 |a Чалый  |b Г. В.  |4 340 
801 1 |a RU  |b 63413507  |c 20111027 
801 2 |a RU  |b 63413507  |c 20140623  |g RCR 
942 |c BK